000 00813nam a22002297a 4500
003 NALT
005 20251125233012.0
008 s2548 th tha d
020 _a3655876217
040 _aNALT
041 _atha
050 _aHD57.7 ธ315ค 2548
100 0 _aธรณี ศิริโสภณ
245 1 0 _aคุณนั่นแหละคือผู้นำ ไม่มีใครใหญ่กว่าคุณ
260 3 _aกรุงเทพฯ :
_bวิชั่นบุ๊คส์,
_c2548
300 _a304 หน้า ;
_b21 ซม.
650 0 4 _aผู้นำ
850 _aNALT
856 4 0 _uhttps://hdl.handle.net/20.500.14156/456334
942 _cGB
_2lcc
999 _c49528
_d49528
998 _j109
_k นางสาวอารีรัตน์ วิชาช่าง